| 000 | 00677cam a2200217 a 4500 | ||
|---|---|---|---|
| 020 | _a0070539367 (hc) : | ||
| 020 | _a0070537356 (pbk.) : | ||
| 040 | _cDLC | ||
| 082 | 0 | 0 | _a004 MCG 1992 A004 Or. |
| 100 | 1 | _aRosenberg, Jerry Martin. | |
| 245 | 1 | 0 | _aMcGraw-Hill dictionary of information technology and computer acronyms, initials, and abbreviations / |
| 260 |
_aNew York : _bMcGraw-Hill, _cc1992. |
||
| 300 |
_aix, 209 p. ; _c21 cm. |
||
| 650 | 0 | _aElectronic data processing | |
| 650 | 0 | _aElectronic data processing | |
| 650 | 0 | _aInformation technology | |
| 650 | 0 | _aInformation technology | |
| 650 | 0 | _aAcronyms. | |
| 650 | 0 | _aAbbreviations, English. | |
| 942 | _cEK | ||
| 999 |
_c16410 _d16410 |
||